| 000 | 01273nam a2200241Ia 4500 | ||
|---|---|---|---|
| 000 | 04162naaa 01201uu | ||
| 001 | https://directory.doabooks.org/handle/20.500.12854/58572 | ||
| 005 | 20260218110040.0 | ||
| 008 | 211013s9999 xx 000 0 und d | ||
| 020 | _a9783038978893 | ||
| 024 | _a10.3390/books978-3-03897-889-3 | ||
| 042 | _adc | ||
| 245 | 4 | _aThe Role and Meaning of Religion for Korean Society | |
| 260 |
_bMDPI - Multidisciplinary Digital Publishing Institute _c2019 |
||
| 300 | _a1 electronic resource (182 p.) | ||
| 520 | _aThis special issue presents discussions of the role and meaning of religion for Korean society. Covering wide-ranging time periods, the authors explores with their own cases four major characteristics of Korean religion: Creativity, Greater Responsiveness, Adaptability, and Prophethood. Their topical religious traditions include Neo-Confucianism, Christianity, Buddhism, and Korean new religious movements. | ||
| 540 | _aCreative Commons | ||
| 653 | _aJoseon Korea | ||
| 700 | 1 | _aLee, Song-Chong | |
| 856 |
_uhttps://docs.google.com/spreadsheets/d/1yKIrdCPDAG_9c22mwoOIO2DOhtj65Wqa/edit?usp=sharing&ouid=106555315294820607512&rtpof=true&sd=true _yList of Curated E-Books |
||
| 942 | _cE-BOOK | ||
| 999 |
_c53931 _d53931 |
||